Carriage of goods by sea / (Record no. 613328)
[ view plain ]
| 000 -LEADER | |
|---|---|
| fixed length control field | 01460cam a2200301 a 4500 |
| 001 - CONTROL NUMBER | |
| control field | 16165097 |
| 005 - DATE AND TIME OF LATEST TRANSACTION | |
| control field | 20250314115414.0 |
| 008 - FIXED-LENGTH DATA ELEMENTS--GENERAL INFORMATION | |
| fixed length control field | 100331s2010 nyu 001 0 eng |
| 010 ## - LIBRARY OF CONGRESS CONTROL NUMBER | |
| LC control number | 2010010961 |
| 020 ## - INTERNATIONAL STANDARD BOOK NUMBER | |
| International Standard Book Number | 9781408218938 (pbk.) |
| 040 ## - CATALOGING SOURCE | |
| Original cataloging agency | DLC |
| Transcribing agency | DLC |
| Modifying agency | DLC |
| 043 ## - GEOGRAPHIC AREA CODE | |
| Geographic area code | e-uk--- |
| 050 00 - LIBRARY OF CONGRESS CALL NUMBER | |
| Classification number | KD1819 |
| Item number | .W55 2010 |
| 082 00 - DEWEY DECIMAL CLASSIFICATION NUMBER | |
| Classification number | 343.41096 |
| Author Mark | WIL |
| 100 1# - MAIN ENTRY--PERSONAL NAME | |
| Personal name | Wilson, John Furness, |
| Dates associated with a name | 1924- |
| 9 (RLIN) | 128317 |
| 245 10 - TITLE STATEMENT | |
| Title | Carriage of goods by sea / |
| Statement of responsibility, etc. | John F. Wilson. |
| 250 ## - EDITION STATEMENT | |
| Edition statement | 7th ed. |
| 260 ## - PUBLICATION, DISTRIBUTION, ETC. | |
| Place of publication, distribution, etc. | New York : |
| Name of publisher, distributor, etc. | Pearson/Longman, |
| Date of publication, distribution, etc. | c2010. |
| 300 ## - PHYSICAL DESCRIPTION | |
| Extent | lvi, 559 p. ; |
| Dimensions | 24 cm. |
| 500 ## - GENERAL NOTE | |
| General note | Includes index. |
| 505 0# - FORMATTED CONTENTS NOTE | |
| Formatted contents note | Implied obligations in a contract of affreightment -- The voyage charterparty -- The time charterparty -- Bills of lading and their functions -- Application of the hague/visby rules -- Bills of lading: the Hamburg rules -- Bills of lading: the Rotterdam rules -- Bills of lading issued under charterparties -- Problems of combined transport -- Exceptions -- Limitation of liability -- Freight -- Shipowners' liens -- Dispute settlement -- Breach of contract. |
| 650 #0 - SUBJECT ADDED ENTRY--TOPICAL TERM | |
| Topical term or geographic name entry element | Contracts, Maritime |
| Geographic subdivision | Great Britain. |
| 9 (RLIN) | 128318 |
| 650 #0 - SUBJECT ADDED ENTRY--TOPICAL TERM | |
| Topical term or geographic name entry element | Freight and freightage |
| Geographic subdivision | Great Britain. |
| 9 (RLIN) | 128319 |
| 650 #0 - SUBJECT ADDED ENTRY--TOPICAL TERM | |
| Topical term or geographic name entry element | Charter-parties |
| Geographic subdivision | Great Britain. |
| 9 (RLIN) | 128320 |
| 906 ## - LOCAL DATA ELEMENT F, LDF (RLIN) | |
| a | 7 |
| b | cbc |
| c | orignew |
| d | 1 |
| e | ecip |
| f | 20 |
| g | y-gencatlg |
| 942 ## - ADDED ENTRY ELEMENTS (KOHA) | |
| Source of classification or shelving scheme | |
| Koha item type | Book |
| Withdrawn status | Lost status | Source of classification or shelving scheme | Damaged status | Not for loan | Permanent Location | Current Location | Date acquired | Total Checkouts | Full call number | Barcode | Date last seen | Price effective from | Koha item type |
|---|---|---|---|---|---|---|---|---|---|---|---|---|---|
| NUST Law School (NLS) | NUST Law School (NLS) | 03/14/2025 | 343.41096 WIL | NLS-1403 | 03/14/2025 | 03/14/2025 | Book |
